Normal view MARC view
  • Thompson, Hunter S.

Entry Nombre Personal

Number of records used in: 2

001 - NUMERO DE CONTROL

  • campo de control: 47071

003 - IDENTIFICADOR DE NUMERO DE CONTROL

  • campo de control: DLC

005 - FECHA Y HORA DE LA ÜLTIMA TRANSACCIÓN

  • campo de control: 20221012084747.0

008 - DATOS DE LONGITUD FIJA

  • campo de control de longitud fija: 221012n| azannaabn |b aaa

010 ## - NÚMERO DE CONTROL DE LA BIBLIOTECA DEL CONGRESO

  • Número de control LC: n 50008356

035 ## - NUMERO DE CONTROL

  • Número de control: (OCoLC)oca00043884

040 ## - FUENTE DE CATALOGACIÓN

  • Agencia original de catalogación: DLC
  • Lenguaje de catalogación: spa
  • Description conventions: rda
  • Agencia de transcripción: DLC
  • Agencia que lo modifica: DLC
  • Agencia que lo modifica: InU
  • Agencia que lo modifica: DLC
  • Agencia que lo modifica: OCoLC
  • Agencia que lo modifica: NJQ
  • Agencia que lo modifica: DLC
  • Agencia que lo modifica: PPi-MA
  • Agencia que lo modifica: OCoLC
  • Agencia que lo modifica: DLC
  • Agencia que lo modifica: MX-MxUPN

046 ## - FECHAS CON CODIFICACIÓN ESPECIAL

  • Fecha de nacimiento: 19390718
  • Fecha de muerte: 20050220

053 #0 - NÚMERO DE CLASIFICACIÓN LC

  • Número de clasificación elemento-número único o número inicial de tramo: PS3570 H62

100 1# - ENCABEZAMIENTO - NOMBRE PERSONAL

  • Nombre personal: Thompson, Hunter S.

400 1# - VEÁSE - NOMBRE DE PERSONA

  • Personal name: Duke, Raoul

400 1# - VEÁSE - NOMBRE DE PERSONA

  • Personal name: Tompson, Khanter

670 ## - FUENTE EN LA QUE SE LOCALIZARON DATOS

  • Cita de la fuente: Carroll, E.J. Hunter, c1993:
  • Información localizada: portada (Hunter)

670 ## - FUENTE EN LA QUE SE LOCALIZARON DATOS

  • Cita de la fuente: Random House dict. of the Eng. lang., 2nd ed., 1988
  • Información localizada: (under def. for gonzo: Hunter S. Thompson, b. 1939)

670 ## - FUENTE EN LA QUE SE LOCALIZARON DATOS

  • Cita de la fuente: The proud highway, c1997:
  • Información localizada: portada (Hunter S. Thompson) información de publicación (political journalist; his reporting and essays appear in numerous publications, including Rolling stone, where he has long been the National Affairs Desk; resides in Colorado)

670 ## - FUENTE EN LA QUE SE LOCALIZARON DATOS

  • Cita de la fuente: Romovyĭ dnevnik, 2002:
  • Información localizada: portada (Khanter Tompson)

670 ## - FUENTE EN LA QUE SE LOCALIZARON DATOS

  • Cita de la fuente: Fear and loathing, c2004:
  • Información localizada: portada (Hunter S. Thompson) página 3 (Hunter Stockton Thompson; b. July 18, 1939)

670 ## - FUENTE EN LA QUE SE LOCALIZARON DATOS

  • Cita de la fuente: Washington Post, Feb. 21, 2005, on line
  • Información localizada: (Hunter S. Thompson; b. Louisville; d. Feb. 20, 2005, near Aspen, age 67; writer)

670 ## - FUENTE EN LA QUE SE LOCALIZARON DATOS

  • Cita de la fuente: CNN WWW site, Feb. 24, 2005
  • Información localizada: (Hunter S. Thompson, 67, journalist and author, d. Feb. 20, 2005, Woody Creek, Colo.; b. Hunter Stockton Thompson, July 18, 1937, Louisville, Ky.)

670 ## - FUENTE EN LA QUE SE LOCALIZARON DATOS

  • Cita de la fuente: Miedo y asco en Las Vegas, 2012:
  • Información localizada: portada (Hunter S. Thompson)

902 ## - CATALOGADOR

  • Catalogador: VAGG/121022